| 000 | 00436nam a2200169Ia 4500 | ||
|---|---|---|---|
| 008 | 230711s9999||||xx |||||||||||||| ||und|| | ||
| 020 | _a978-81-906919-2-5 | ||
| 041 | _aENG | ||
| 082 |
_a629.8 _bSA-A |
||
| 100 | _aSaeed,Hasan.S | ||
| 245 | 0 | _aAutomatic control systems(with matlab programs) | |
| 250 | _a7th Ed. | ||
| 260 |
_c2013 _aNew Delhi _bS.K Kataria & Sons |
||
| 300 | _a663 | ||
| 650 | _aElectrical Engineering | ||
| 942 | _cBK | ||
| 999 |
_c5526 _d5526 |
||